The Asian village as a basis for rural modernization /

Bibliographic Details
Main Author: Whyte, R. O. (Robert Orr), 1903-
Format: Book
Language:English
Published: Singapore : Institute of Southeast Asian Studies, 1976.
Series:ISEAS occasional paper ; no. 44.
Subjects:

MARC

Tag First Indicator Second Indicator Subfields
LEADER 00000cam a2200000 a 4500
001 in00000050899
005 20151007080029.0
008 780111s1976 si a b 00010 engm
010 |a  77940042  
020 |c $8.00 
035 |a (OCoLC)03283850 
035 |9 AAF4159AM 
040 |a DLC  |c DLC  |d m.c.  |d TXA  |d UtOrBLW 
043 |a as----- 
049 |a TXAM  |c [1197070] 
050 0 0 |a HN690.8 A8  |b W48 
082 0 |a 301.35/2/095 
100 1 |a Whyte, R. O.  |q (Robert Orr),  |d 1903- 
245 1 4 |a The Asian village as a basis for rural modernization /  |c by Robert Orr Whyte. 
264 1 |a Singapore :  |b Institute of Southeast Asian Studies,  |c 1976. 
300 |a 77 pages :  |b illustrations ;  |c 28 cm. 
336 |a text  |b txt  |2 rdacontent 
337 |a unmediated  |b n  |2 rdamedia 
338 |a volume  |b nc  |2 rdacarrier 
490 1 |a Occasional paper / Institute of Southeast Asian Studies ;  |v no. 44 
504 |a Includes bibliographical references. 
650 0 |a Villages  |z Southeast asia. 
650 0 |a Rural development  |z Southeast Asia. 
651 0 |a Southeast Asia  |x Rural conditions. 
830 0 |a ISEAS occasional paper ;  |v no. 44. 
999 |a MARS 
999 f f |s 9ef66ed9-781c-3b48-b10f-91cb5ff3860e  |i 364ea96a-6fe6-3bfe-801a-ff100c233a9d  |t 0 
952 f f |p ric  |a Texas A&M University  |b Rellis Campus  |c Joint Library Facility  |d Remote Storage  |t 0  |e HN690.8 A8 W48  |h Library of Congress classification  |i unmediated -- volume  |m A14805946004 
998 f f |a HN690.8 A8 W48  |t 0  |l Remote Storage